| 000 | 00893cam a22002533a 4500 | ||
|---|---|---|---|
| 001 | 12340 | ||
| 003 | PGUSA | ||
| 005 | 20140828083248.0 | ||
| 008 | 040501s2004||||xxu|||||s|||||000 | eng d | ||
| 040 |
_aPGUSA _beng |
||
| 042 | _adc | ||
| 050 | 4 | _aQB | |
| 245 | 1 | 4 |
_aThe Story of the Herschels, a Family of Astronomers : _bSir William Herschel, Sir John Herschel, Caroline Herschel _h[electronic resource] / _cAnonymous |
| 260 |
_bProject Gutenberg, _c2004 |
||
| 506 | _aPublic domain in the USA. | ||
| 516 | _aElectronic text | ||
| 653 | _aHerschel, Caroline Lucretia, 1750-1848 | ||
| 653 | _aHerschel, William, Sir, 1738-1822 | ||
| 653 | _aAstronomers -- England -- Biography -- Juvenile literature | ||
| 653 | _aHerschel, John F. W. (John Frederick William), Sir, 1792-1871 | ||
| 830 | 0 |
_aProject Gutenberg _v12340 |
|
| 856 | 4 | 0 | _uhttp://www.gutenberg.org/ebooks/12340 |
| 942 | _cEB | ||
| 999 |
_c241595 _d241595 |
||